| 000 | 00689nam a2200229Ia 4500 | ||
|---|---|---|---|
| 003 | OSt | ||
| 005 | 20220923214541.0 | ||
| 006 | a|||||r|||| 00| 0 | ||
| 007 | ta | ||
| 008 | 220922b |||||||| |||| 00| 0 hin d | ||
| 024 | _a170,715 | ||
| 037 | _cTextual | ||
| 040 |
_aARTS _cARTS _bhin |
||
| 041 |
_2hin _ahin |
||
| 082 | _aO152:3N102:18, K4;1 | ||
| 100 |
_aश्रीवास्तव, प्रताप नारायण _9163375 |
||
| 245 | 0 | _aविसर्जन | |
| 246 | _aVisarjana | ||
| 260 | _c1964 | ||
| 942 |
_hO152:3N102:18, K4;1 _cTEXL _2CC |
||
| 999 |
_c324999 _d324999 |
||